000 00812nam a2200253 a 4500
001 BRL_884
005 20190320210935.0
008 231013s1950----mx-a######---#000-0#spa-#
041 _aspa
044 _amx
050 4 _aF1391.T4
_b.V39 1950
100 1 _aVázquez Santa Ana, Higinio
_925236
245 1 0 _aTepotzotlán
_bGuía para el Turista
_cPor el Pbro. y Prof. Higinio Vázquez Santa Ana.
260 _aMéxico
_b[s.n.]
_c1950
300 _a55 p.
_bil.
_c20 cm.
500 _aAu1062
500 _aEstado físico: Encuadernación del libro desprendida.
650 1 4 _aArte
_zTepotzotlán, México (Estado)
_917415
650 1 4 _aConventos y monasterios
_zMéxico
_99892
650 1 4 _aArte colonial
_97904
651 4 _aTepotzotlán, México (Estado)
_xDescripción
_917416
902 _aGRL
942 _2lcc
_cB
999 _c9696
_d9696